000 00303nam a2200121 4500
020 _a07-066180-4
082 _a660.284.2.B163m
100 _aBennett C. O.
245 _aMomento detrasferencia /C. O.Bennett
260 _aUSA : internacional
300 _a832p/25cm.
650 _a1.MOMEMNTO DETRASFERENCAI
999 _c25257
_d25257